000 00315nam a2200121Ia 4500
005 20251222144911.0
008 251222s9999||||xx |||||||||||||| ||spa||
020 _a88-7573-286-X
082 _a458.34/S38G
100 _aSemplici, Stefania
245 0 _aUna lengua in pretura. Il linguaggio del diritto
942 _cLIB
999 _c22361
_d22361